AGROECOLOGY THE SCIENCE OF SUSTAINABLE AGRICULTURE (Record no. 10621)

MARC details
000 -LEADER
fixed length control field 00463nam a22001697a 4500
003 - CONTROL NUMBER IDENTIFIER
control field OSt
005 - DATE AND TIME OF LATEST TRANSACTION
control field 20211008090252.0
008 - FIXED-LENGTH DATA ELEMENTS--GENERAL INFORMATION
fixed length control field 211008b |||||||| |||| 00| 0 eng d
020 ## - INTERNATIONAL STANDARD BOOK NUMBER
International Standard Book Number 1-85339-295-2
040 ## - CATALOGING SOURCE
Transcribing agency HAWASSA UNIVERSITY
050 ## - LIBRARY OF CONGRESS CALL NUMBER
Classification number 338.162/ALT
Item number 2
082 ## - DEWEY DECIMAL CLASSIFICATION NUMBER
Edition number 2
Classification number 338.162/ALT
Item number 2
100 ## - MAIN ENTRY--PERSONAL NAME
Personal name ALTIERI MIGUEL
Fuller form of name ALTERI MIGUEL
9 (RLIN) 11481
245 ## - TITLE STATEMENT
Title AGROECOLOGY THE SCIENCE OF SUSTAINABLE AGRICULTURE
260 ## - PUBLICATION, DISTRIBUTION, ETC.
Place of publication, distribution, etc. LONDON
Date of publication, distribution, etc. 1987
942 ## - ADDED ENTRY ELEMENTS (KOHA)
Source of classification or shelving scheme Dewey Decimal Classification
Koha item type Books like text book referance book
Suppress in OPAC No
Holdings
Withdrawn status Lost status Source of classification or shelving scheme Damaged status Not for loan Home library Current library Date acquired Total Checkouts Full call number Barcode Date last seen Copy number Price effective from Koha item type
    Dewey Decimal Classification     College of Agriculture Library College of Agriculture Library 10/08/2021   338.162/ALT ALIB0003876 10/08/2021 1 10/08/2021 Books like text book referance book
    Dewey Decimal Classification     College of Agriculture Library College of Agriculture Library 10/08/2021   338.162/ALT ALIB0003877 10/08/2021 2 10/08/2021 Books like text book referance book